Cómo enseñar la teología moral hoy
Guardat en:
| Autor principal: | |
|---|---|
| Format: | Llibre |
| Idioma: | espanyol |
| Publicat: |
Valparaíso
Pontificia Universidad Católica de Valparaíso
2009
|
| Matèries: | |
| Etiquetes: |
Afegir etiqueta
Sense etiquetes, Sigues el primer a etiquetar aquest registre!
|
MARC
| LEADER | 00000nam a2200000 a 4500 | ||
|---|---|---|---|
| 001 | UCH2528 | ||
| 003 | CL-VaPUC | ||
| 008 | 090618e20090000CL |||||||||||||||||spa|d | ||
| 082 | 0 | 4 | |a 241 |b BRU |2 21 |
| 100 | 0 | |a Bruguès, Jean Louis |e author |9 537383 | |
| 245 | 1 | 0 | |a Cómo enseñar la teología moral hoy |
| 300 | |a 18 p | ||
| 942 | |c BK | ||
| 945 | |d 20090618 00:00:00 |a rbrito | ||
| 260 | |a Valparaíso |b Pontificia Universidad Católica de Valparaíso |c 2009 | ||
| 650 | 0 | |a Teología moral |9 256617 | |
| 650 | 0 | |a Ética |9 255099 | |
| 650 | 0 | |a Moral cristiana |9 464237 | |
| 650 | 0 | |a Valores morales |9 310604 | |
| 583 | |a last modification |c 20090618 00:00:00 |k Rodrigo Vera | ||
| 999 | |c 334257 |d 334255 | ||
| 952 | |0 0 |1 0 |4 0 |6 241_000000000000000_BRU_2009 |7 0 |8 X |9 423137 |a FDOBUD |b FDOBUD |d 2019-11-22 |i 4687728 |o 241 BRU 2009 |p 4687728 |r 2019-11-22 |w 2019-11-22 |y BK_X |k BUD | ||
| 952 | |0 0 |1 0 |4 0 |6 241_000000000000000_BRU_2009 |7 0 |8 X |9 423138 |a FDOBUD |b FDOBUD |d 2019-11-22 |i 4687736 |o 241 BRU 2009 |p 4687736 |r 2019-11-22 |w 2019-11-22 |y BK_X |k BUD | ||